|
|
|
|
| LEADER |
00000cam a2200000 4500 |
| 003 |
SK-MaSNL |
| 005 |
20260423100705.0 |
| 008 |
260312s2025 xr o g n 000 0dslo |
| 015 |
|
|
|a SNBA2026/04
|
| 020 |
|
|
|a 9788097495718
|q (viazané)
|
| 040 |
|
|
|a SNK
|b slo
|c SNK
|e rda
|
| 041 |
0 |
|
|a slo
|
| 043 |
|
|
|a e-xo---
|
| 044 |
|
|
|a xo
|c SK
|
| 080 |
|
|
|a 32-051
|2 2011
|
| 080 |
|
|
|a (437.6)
|2 2011
|
| 080 |
|
|
|a (048.8)
|2 2011
|
| 100 |
1 |
|
|a Rozbora, Dušan,
|d 1943-
|4 aut
|4 bkd
|4 pht
|9 219979
|
| 245 |
1 |
|
|a Protokol pri dvoch prezidentoch
|c Dušan Rozbora
|
| 250 |
|
|
|a Prvé vydanie
|
| 264 |
|
1 |
|a Bratislava
|b Medzinárodný klub SR
|c 2025
|
| 300 |
|
|
|a 262 strán
|b fotografie
|c 26 cm
|
| 336 |
|
|
|a text
|b txt
|2 rdacontent
|
| 336 |
|
|
|a statický obraz
|b sti
|2 rdacontent
|
| 337 |
|
|
|a bez média
|b n
|2 rdamedia
|
| 338 |
|
|
|a zväzok
|b nc
|2 rdacarrier
|
| 500 |
|
|
|a Obsahuje biografické údaje o autorovi
|
| 500 |
|
|
|a Obsahuje zoznam skratiek
|
| 504 |
|
|
|a Obsahuje bibliografiu
|
| 546 |
|
|
|a Anglické resumé
|
| 600 |
1 |
7 |
|a Schuster, Rudolf,
|d 1934-
|2 SNKMA
|9 86070
|
| 600 |
1 |
7 |
|a Gašparovič, Ivan,
|d 1941-
|2 SNKMA
|9 189874
|
| 650 |
0 |
7 |
|a prezidenti
|2 SNKPH
|9 4128
|
| 650 |
0 |
7 |
|a diplomatické protokoly
|2 SNKPH
|9 1480164
|
| 650 |
0 |
7 |
|a Presidents
|2 SNKPHeng
|9 277474
|
| 651 |
|
7 |
|a Slovensko
|2 SNKPHgeo
|9 14231
|
| 651 |
|
7 |
|a Slovakia
|2 SNKPHeng
|9 92630
|
| 655 |
|
7 |
|a monografie
|2 SNKPH
|9 70139
|
| 655 |
|
7 |
|a Monographs
|2 SNKPHeng
|9 120675
|
| 700 |
|
|
|a Leikert, Jozef,
|d 1955-
|4 aui
|9 92878
|
| 700 |
|
|
|a Parkányi, Marián
|4 aft
|9 1278105
|
| 700 |
|
|
|a Puškáš, Štefan
|4 pht
|9 1634747
|
| 852 |
|
|
|a Slovenská národná knižnica
|
| 919 |
|
|
|a 978-80-974957-1-8
|
| 954 |
|
|
|a odborná, vedecká literatúra pôvodná (slovenská)
|2 lita
|
| 958 |
|
|
|a NB
|
| 999 |
|
|
|c 3367656
|d 3369586
|
| 952 |
|
|
|t 1
|a SNK
|b SNK
|c SNK_KF
|y PREZ
|7 8
|p 17A1508392
|o snkSB 102476
|i snk2026/3526
|8 0
|0 0
|1 0
|2 udc
|4 0
|d 2026-03-12
|l 0
|r 2026-03-12 11:22:36
|w 2026-03-12
|
| 952 |
|
|
|t 2
|a SNK
|b SNK
|y VYP
|7 0
|p 17A1508393
|o snkSB 102476 D1
|i snk2026/3527
|8 0
|0 0
|1 0
|2 udc
|4 0
|d 2026-03-12
|l 0
|r 2026-03-12 11:24:09
|w 2026-03-12
|